00730cam a2200217 a 450000100100000000500170001000800410002704100380006808200150010610000280012124000410014924500860019026000360027630000210031249000230033350000430035653400510039970000260045083000230047604000130049900002572620200930024012.0760831s1976 ag 000 | spa d aspahfre2Código de idioma MARC axxxbR449t1 aRevel, Jean-François, 0aLa tentation totalitaire.lEspañol13aLa tentación totalitaria /cJean-François Revel ; traducción Aníbal Leal. aBuenos Aires :bEMECÉ,c1976. a314 p. ;c22 cm.1 aGrandes Ensayistas aIncluye referencia al pie de páginas aTítulo original :tLa tentation totalitaire.1 aLeal, Aníbal ,etr. 0aGrandes Ensayistas aDO-SdBNP